Sports Quiz

Random Sports or WWE Quiz
Score 0/22 Timer 07:00
0 Plays Today
Match Superstar/Diva % Correct
WWE Championship MatchJohn Cena
96.1%
World Heavyweight Championship MatchUndertaker
95.7%
World Heavyweight Championship MatchBatista
94.8%
Battle of the BillionairesBobby Lashley
94.4%
Battle of the BillionairesUmaga
92.2%
WWE Championship MatchShawn Michaels
90.5%
Money in the Bank Ladder MatchEdge
90%
Money in the Bank Ladder MatchRandy Orton
87.4%
Money in the Bank Ladder MatchMatt Hardy
84.4%
Singles MatchKane
84.4%
Money in the Bank Ladder MatchJeff Hardy
84%
Match Superstar/Diva % Correct
Money in the Bank Ladder MatchCM Punk
78.4%
Money in the Bank Ladder MatchMr. Kennedy
77.1%
United States Championship MatchChris Benoit
75.3%
United States Championship MatchMVP
75.3%
Money in the Bank Ladder MatchFinlay
68.8%
Womens Championship MatchMelina
61%
Money in the Bank Ladder MatchKing Booker
60.6%
Singles MatchThe Great Khali
56.7%
4 on 4 MatchECW Originals
48.5%
4 on 4 MatchThe New Breed
48.1%
Womens Championship MatchAshley
47.6%
Remove Ads.
Support Sporcle.
Get the best of Sporcle when you Go Orange. This ad-free experience offers more features, more stats, and more fun while also helping to support Sporcle. Thank you for becoming a member.

You're not logged in!

Compare scores with friends on all Sporcle quizzes.
OR
Log In

Show Comments

Extras

Top Quizzes Today


Score Distribution

Your Account Isn't Verified!

In order to create a playlist on Sporcle, you need to verify the email address you used during registration. Go to your Sporcle Settings to finish the process.

Report this User

Report this user for behavior that violates our Community Guidelines.

Details: